000 01167nam a2200421 a 4500
003 AR-BaBNM
005 20251128205553.0
008 082120s2002 ||||||||||||||000 | spa||
020 _a950-518-173-6
040 _cAR-BaBNM
100 1 _aSchutz, Alfred
245 0 0 _aEl problema de la realidad social
250 _a2ª ed.
260 _aBuenos Aires
_bAmorrortu
_c1995
300 _a327 p.
490 0 _aBiblioteca de sociología
500 _aIndice onomástico: p. 319-321
500 _aIndice analítico: p. 322-326
504 _aBibliografía: p. 317-319
600 1 4 _aScheler, Max
600 1 4 _aHusserl, Edmund
650 4 _aSOCIOLOGIA CULTURAL
650 4 _aCAMBIO SOCIAL
650 4 _aMEDIO SOCIAL
650 4 _aINTERACCION SOCIAL
650 4 _aFENOMENOLOGIA
650 4 _aLENGUAJE
650 4 _aSIMBOLOS
650 4 _aCONDICIONES CULTURALES
650 4 _aCIENCIAS SOCIALES
700 1 _aNatanson, Maurice
_ecompilador
700 1 _aBreda, H.L. van
_eprologuista
700 1 _aMíguez, Néstor
_etraductor
700 1 _aBignami, Ariel
_erevisión
800 1 _aRigal, Luis A.
_edirector
942 _cBK
998 _cSILVI
999 _c11940
_d11940